| 000 | 00417nam a22001577a 4500 | ||
|---|---|---|---|
| 999 |
_c7685 _d7685 |
||
| 003 | OSt | ||
| 005 | 20190215155512.0 | ||
| 008 | 190215b ||||| |||| 00| 0 eng d | ||
| 040 | _cDLC | ||
| 082 |
_a289 _bF828t |
||
| 100 | _aFrank, Ewald: | ||
| 245 |
_aTraditional Christianity/ _bTruth or Deception? |
||
| 260 |
_aKrefeld, Germany: _bFreie Volksmission Krefeld: _cc.1993 |
||
| 300 |
_a191 p.; _c21 cm |
||
| 942 |
_2ddc _cBK |
||